00470nam a22001697a 450000500170000000800410001702000180005804000210007604100080009708200170010510000310012224500580015325000120021126000340022330000100025765000330026720250910105652.0230831b ||||| |||| 00| 0 eng d a9788196461706 aIN-DiNCcIN-DiNC dasm a491.451bBAR aBaruah, Anup Kumareauthor aAsamar bhasa aru lipi (Minor1)/cby Anup Kumar Baruah a1st ed. aJorhat:bBidya bhawan,c2023. a151p. aLanguage and script of Assam